Classement des candidats français à l'Eurovision (2009-2025) - Statistiques

Statistiques générales
  • Ce quiz a été pris 38 fois
  • Le résultat moyen est 34 sur 48
Statistiques - réponses
Classement Réponse % Correct
2021
100%
4 Slimane
100%
Voilà
97%
2024
93%
2 Barbara Pravi
93%
7 Louane
90%
2025
87%
6 Amir
87%
Maman
87%
2016
83%
2023
83%
Mon Amour
83%
Evidemment
80%
J'ai cherché
80%
16 La Zarra
80%
2014
77%
2009
73%
2017
73%
2018
73%
2019
73%
2022
73%
16 Bilal Hassani
73%
Mercy
73%
Roi
73%
2010
70%
2011
70%
2012
70%
2013
70%
2015
70%
Moustache
70%
Requiem
70%
12 Alma
67%
Fulenn
67%
13 Madame Monsieur
67%
26 Twin Twin
63%
24 Alvan et Ahez
60%
8 Patricia Kaas
60%
N'oubliez pas
57%
Allez Ola Olé
53%
22 Anggun
53%
12 Jessy Matador
53%
L'Enfer et moi
53%
23 Amandine Bourgeois
50%
25 Lisa Angell
50%
Sognu
50%
15 Amaury Vassili
47%
Echo (You and I)
47%
Et s’il fallait le faire
47%
Aucun quiz correspondant
Distribution des résultats
% des personnes avec chaque résultat
Percentile par nombre de réponses
Votre historique - résultats
Vous n’avez pas pris ce quiz